Náklady a výnosy v účtovníctve podnikateľských subjektov podľa slovenskej právnej úpravy a IFRS diplomová práca

Guardado en:
Detalles Bibliográficos
Autor principal: Belanský, Samuel
Autor Corporativo: Podnikovohospodárska fakulta EU so sídlom v Košiciach. Katedra finančného riadenia podniku
Otros Autores: Stašková, Slavomíra, 1989-
Formato: Libro
Lenguaje:eslovaco
Publicado: Košice 2018
Etiquetas: Agregar Etiqueta
Sin Etiquetas, Sea el primero en etiquetar este registro!

MARC

LEADER 00000nbm a2200000 4500
001 0244123
005 20181019145722.4
041 0 |a slo 
044 |a SK 
245 1 0 |a Náklady a výnosy v účtovníctve podnikateľských subjektov podľa slovenskej právnej úpravy a IFRS  |b diplomová práca  |c Samuel Belanský ; školiteľ: Slavomíra Stašková 
264 1 |a Košice  |c 2018 
300 |a 65 s. 
100 1 |a Belanský, Samuel 
700 1 |a Stašková, Slavomíra, 1989- 
710 2 |a Podnikovohospodárska fakulta EU so sídlom v Košiciach. Katedra finančného riadenia podniku